| 000 | 00357nam a2200145Ia 4500 | ||
|---|---|---|---|
| 008 | 230312s9999||||xx |||||||||||||| ||und|| | ||
| 020 | _a978-9353066529 | ||
| 082 |
_a621.3076 _bTRI-G |
||
| 100 | _aTrishna | ||
| 245 | 0 | _aGATE Electrical Engineering | |
| 260 |
_bPearsons _aIndia _c2019 |
||
| 300 | _a4.79 | ||
| 650 |
_aEngineering _vElectrical |
||
| 942 | _cBK | ||
| 999 |
_c13962 _d13962 |
||